Economic Geography: (Record no. 182811)

MARC details
000 -LEADER
fixed length control field 00562 a2200205 4500
005 - DATE AND TIME OF LATEST TRANSACTION
control field 20211208165237.0
010 ## - LCCN (DPL NO)
LC control number ENG-130215
020 ## - INTERNATIONAL STANDARD BOOK NUMBER
Terms of availability 155.00
International Standard Book Number 978-81-81-8044-33
035 ## - SYSTEM CONTROL NUMBER
System control number EN-113747
037 ## - SOURCE OF ACQUISITION
Source of stock number/acquisition DBAD / PUB
082 ## - DEWEY DECIMAL CLASSIFICATION NUMBER
Classification number 330
100 ## - MAIN ENTRY--PERSONAL NAME
Personal name Krishna, S. Rama
245 ## - TITLE STATEMENT
Title Economic Geography:
Statement of responsibility, etc S. Rama Krishna
250 ## - EDITION STATEMENT
Edition statement 2017
260 ## - PUBLICATION, DISTRIBUTION, ETC. (IMPRINT)
Place of publication, distribution, etc Hyderabad
Name of publisher, distributor, etc Telugu Akademi
Date of publication, distribution, etc 2017
270 ## - ADDRESS
City Hyderabad
Electronic mail address info@teluguacademy.net
300 ## - PHYSICAL DESCRIPTION
Extent 402p.
Dimensions 24cm (hbk)
700 ## - ADDED ENTRY--PERSONAL NAME
Personal name A. Krishna Kumari
942 ## - ADDED ENTRY ELEMENTS (KOHA)
Institution code [OBSOLETE] dpl
Item type English Books
Source of classification or shelving scheme Dewey Decimal Classification
Classification part 330
Call number suffix SHA
Holdings
Withdrawn status Lost status Not for loan Collection code Home library Current library Date acquired Source of acquisition Cost, normal purchase price Full call number Barcode Copy number Cost, replacement price Koha item type
      Non-fiction Shahdara Branch Shahdara Branch 06/12/2021 DBAD/PUB 155.00 330 SHA EN-113747 1 155.00 English Books

© Delhi Public Library
Hit Counter
free hit counter